Factors in Japan's economic growth

Đã lưu trong:
书目详细资料
格式: 图书
语言:Undetermined
出版: Japan Ministry of Foreign Affairs 1962
主题:
标签: 添加标签
没有标签, 成为第一个标记此记录!
Thư viện lưu trữ: Trung tâm Học liệu Trường Đại học Cần Thơ
LEADER 00424nam a2200157Ia 4500
001 CTU_85707
008 210402s9999 xx 000 0 und d
082 |a 338.9 
082 |b F142 
245 0 |a Factors in Japan's economic growth 
260 |a Japan 
260 |b Ministry of Foreign Affairs 
260 |c 1962 
650 |a Economic development 
904 |i Năm 
980 |a Trung tâm Học liệu Trường Đại học Cần Thơ